Roman Consuls | Sixth Century - Statistics

General Stats
  • This quiz has been taken 19 times
  • The average score is 6 of 18
Answer Stats
Hint Answer % Correct
509 L. Junius Brutus
94%
509 L. Tarquinius Collatinus
47%
508 P. Valerius Poplicola II
35%
507 P. Valerius Poplicola III
35%
504 P. Valerius Poplicola IV
35%
503 Agrippa Menenius Lanatus
29%
505 M. Valerius Volusus
29%
502 Opiter Verginius Tricostus
29%
505 P. Postumius Tubertus
29%
503 P. Postumius Tubertus II
29%
506 Sp. Larcius
29%
506 T. Herminius Aquilinus
29%
501 T. Larcius
29%
508 T. Lucretius Tricipitinus
29%
504 T. Lucretius Tricipitinus II
29%
507 M. Horatius Pulvillus II
24%
501 Postumus Cominius Auruncus
24%
502 Sp. Cassius Vecellinus
24%
No matching quizzes found
Score Distribution
Percent of People with Each Score
Percentile by Number Answered
Your Score History
You have not taken this quiz